000 00349nam a2200133Ia 4500
008 231129s9999||||xx |||||||||||||| ||spa||
020 _a968-6046-31-3
040 _bspa
082 _a532 S915m
100 _aStreeter Victor L
245 0 _aMecanica de los fluidos
264 _aMcGraw-Hill
942 _2ddc
_cBKS
999 _c20824
_d20824